[Event "Winter"]
[Site "SchemingMind.com"]
[Date "2016.03.06"]
[Round "-"]
[White "Scooter"]
[Black "kenneth m day"]
[Result "1-0"]
[WhiteCountry "USA"]
[BlackCountry "USA"]
[WhiteElo "1731"]
[WhiteRD "47"]
[BlackElo "1699"]
[BlackRD "51"]
[GameID "396464"]

1. d4 g6 2. Nf3 Bg7 3. Bf4 d6 4. e3 Bg4 5. Be2 Nd7 6. Nbd2 Ngf6 7. O-O O-O 8. h3 Bf5 9. c3 Ne4 10. Nxe4 Bxe4
11. Bd3 Nf6 12. Bxe4 Nxe4 13. Qc2 f5 14. Ng5 Nxg5 15. Bxg5 Kh8 16. e4 fxe4 17. Qxe4 Bf6 18. Bxf6+ Rxf6 19. Rfe1 Rf7 20. Qh4 Qd7
21. Re2 Re8 22. Rae1 Rg7 23. Re6 c6 24. c4 d5 25. cxd5 cxd5 26. Qg5 Rf7 27. Qh4 Rg7 28. Qg4 Rf7 29. Rxg6 Qxg4 30. Rxg4 e6
31. Rg3 Ref8 32. Re2 Rf6 33. Rge3 Re8 34. Re5 Rg6 35. g3 Kg7 36. Rxd5 Kf7 37. Rde5 h5 38. Rxh5 Kf6 39. Rh7 Re7 40. Rxe7 Kxe7
41. d5 Kd6 42. Rxe6+ Rxe6 43. dxe6 Kxe6 44. f4
1-0

[Event "Winter"]
[Site "SchemingMind.com"]
[Date "2016.03.06"]
[Round "-"]
[White "kenneth m day"]
[Black "Scooter"]
[Result "1-0"]
[WhiteCountry "USA"]
[BlackCountry "USA"]
[WhiteElo "1699"]
[WhiteRD "51"]
[BlackElo "1731"]
[BlackRD "47"]
[GameID "396465"]

1. e4 c6 2. c4 d5 3. cxd5 cxd5 4. exd5 Qxd5 5. Nc3 Qd8 6. d4 Nf6 7. Bc4 g6 8. Bg5 Bg7 9. Nf3 e6 10. O-O O-O
11. Rc1 a6 12. Re1 b5 13. Bb3 Bb7 14. h4 Qb6 15. Ne5 Qd6 16. Bf4 Qd8 17. Qd3 Nbd7 18. Bc2 Nxe5 19. dxe5 Nd5 20. Nxd5 Bxd5
21. h5 Qb6 22. hxg6 fxg6 23. Be3 Qb7 24. f3 Bxe5 25. Bc5 Bxb2 26. Rb1 Rfc8 27. Bb4 Qb6+ 28. Kh1 Bc4 29. Qd7 Bf6 30. Be4 Rd8
31. Qc6 Qf2 32. Qc7 Qh4+ 33. Qh2 Qg5 34. Bxa8 Rxa8 35. Rbd1 Bxa2 36. Rd7 h5 37. Red1 Be5 38. Qh3 Qg3 39. Qxg3 Bxg3 40. Bd6 Bf2
41. Be5 Bd5 42. Rc1 a5 43. Rcc7 b4 44. Rg7+
1-0

[Event "Winter"]
[Site "SchemingMind.com"]
[Date "2016.03.06"]
[Round "-"]
[White "APB"]
[Black "Transcendent"]
[Result "1-0"]
[WhiteCountry "ENG"]
[BlackCountry "ENG"]
[WhiteElo "1715"]
[WhiteRD "72"]
[BlackElo "1506"]
[BlackRD "53"]
[GameID "396477"]

1. e4 e6 2. d4 d5 3. Nc3 Bb4 4. e5 c5 5. a3 Bxc3+ 6. bxc3 Ne7 7. Nf3 Qc7 8. Be3 b6 9. c4 dxc4 10. Bxc4 Bb7
11. O-O O-O 12. c3 Nd7 13. Bd3 cxd4 14. cxd4 Nd5 15. Bd2 Rac8 16. Ng5 h6 17. Nh7 Rfd8 18. Qg4 Kh8 19. Qf3 N5f6 20. Qf4
1-0

[Event "Winter"]
[Site "SchemingMind.com"]
[Date "2016.03.06"]
[Round "-"]
[White "Transcendent"]
[Black "APB"]
[Result "0-1"]
[WhiteCountry "ENG"]
[BlackCountry "ENG"]
[WhiteElo "1506"]
[WhiteRD "53"]
[BlackElo "1715"]
[BlackRD "72"]
[GameID "396478"]

1. d4 d5 2. c4 e6 3. Nf3 Nf6 4. g3 Be7 5. Bg2 O-O 6. O-O Nbd7 7. Qc2 c6 8. Bf4 dxc4 9. Qxc4 Nb6 10. Qc2 Nbd5
11. Be5 Ng4 12. h3 Nxe5 13. Nxe5 Qa5 14. a3 Nb4 15. Qc3 f6 16. Nc4 Qa6 17. Nbd2 Nd5 18. Qc2 Bd7
0-1

[Event "Winter"]
[Site "SchemingMind.com"]
[Date "2016.03.07"]
[Round "-"]
[White "fouche"]
[Black "Transcendent"]
[Result "1-0"]
[WhiteCountry "COL"]
[BlackCountry "ENG"]
[WhiteElo "1605"]
[WhiteRD "62"]
[BlackElo "1506"]
[BlackRD "53"]
[GameID "396479"]

1. d4 d5 2. Nf3 Nf6 3. e3 c5 4. c3 Qb6 5. Bd3 Bg4 6. O-O Nc6 7. Nbd2 e6 8. Re1 Be7 9. Rb1 c4 10. Be2 O-O
11. h3 Bh5 12. b3 Qa5 13. Qc2 b5 14. b4 Qc7 15. a4 a6 16. a5 Bd6 17. e4 dxe4 18. Nxe4 Nxe4 19. Qxe4
1-0

[Event "Winter"]
[Site "SchemingMind.com"]
[Date "2016.03.07"]
[Round "-"]
[White "Transcendent"]
[Black "fouche"]
[Result "0-1"]
[WhiteCountry "ENG"]
[BlackCountry "COL"]
[WhiteElo "1506"]
[WhiteRD "53"]
[BlackElo "1605"]
[BlackRD "62"]
[GameID "396480"]

1. d4 e6 2. e4 d5 3. Nc3 Bb4 4. e5 c5 5. a3 cxd4 6. Qxd4 Bxc3+ 7. Qxc3 Nc6 8. Bb5 Bd7 9. Bxc6 bxc6 10. Nf3 Ne7
11. O-O O-O 12. Bg5 Re8 13. Nd4 Qc7 14. f4 c5 15. Rad1 Rac8
0-1

[Event "Winter"]
[Site "SchemingMind.com"]
[Date "2016.03.06"]
[Round "-"]
[White "Phillip Beckett"]
[Black "Transcendent"]
[Result "1-0"]
[WhiteCountry "ENG"]
[BlackCountry "ENG"]
[WhiteElo "1556"]
[WhiteRD "49"]
[BlackElo "1506"]
[BlackRD "53"]
[GameID "396483"]

1. e4 e5 2. Nf3 Nc6 3. Bc4 Nf6 4. d4 exd4 5. e5 d5 6. exf6 dxc4 7. O-O Qxf6 8. Re1+ Be7 9. Bg5 Qd6 10. Bxe7 Nxe7
11. Qxd4 Qxd4 12. Nxd4 f6 13. Nd2 Kf7 14. Nxc4 Bd7 15. Rad1 Rad8 16. Ne3 Rhe8 17. Nf3 Bc6 18. Rxd8 Rxd8 19. Rd1 Rxd1+ 20. Nxd1 Bxf3
21. gxf3 Nc6 22. c3 Ne5 23. Kg2 Ke6 24. Ne3 a5 25. f4 Nd3 26. Nd1 Nxf4+ 27. Kf3
1-0

[Event "Winter"]
[Site "SchemingMind.com"]
[Date "2016.03.06"]
[Round "-"]
[White "Transcendent"]
[Black "Phillip Beckett"]
[Result "1-0"]
[WhiteCountry "ENG"]
[BlackCountry "ENG"]
[WhiteElo "1664"]
[WhiteRD "61"]
[BlackElo "1549"]
[BlackRD "49"]
[GameID "396484"]

1. d4 d5 2. c4 e6 3. Nf3 Nf6 4. g3 c6 5. Bg2 Be7 6. O-O Nbd7 7. Qc2 O-O 8. Bf4 Re8 9. Nbd2 Nf8 10. cxd5 exd5
11. e4 dxe4 12. Nxe4 Bg4 13. Ne5 Nxe4 14. Bxe4 Be6 15. Rad1 Nd7 16. Bxh7+ Kf8 17. Rfe1 g6 18. Bh6#
1-0

[Event "Winter"]
[Site "SchemingMind.com"]
[Date "2016.03.06"]
[Round "-"]
[White "Scooter"]
[Black "Transcendent"]
[Result "1-0"]
[WhiteCountry "USA"]
[BlackCountry "ENG"]
[WhiteElo "1731"]
[WhiteRD "47"]
[BlackElo "1506"]
[BlackRD "53"]
[GameID "396485"]

1. d4 d5 2. Nf3 Nf6 3. Bf4 c5 4. e3 Qb6 5. b3 Nc6 6. Be2 Bf5 7. c3 e6 8. O-O Be7 9. h3 O-O 10. Nbd2 Bg6
11. Ne5 Nxe5 12. Bxe5 Nd7 13. Bg3 cxd4 14. cxd4 Rac8 15. Nf3 Nf6 16. Rc1 Ba3 17. Rxc8 Rxc8 18. Ne5 a5 19. Bd3 Bxd3 20. Nxd3 Ne4
21. Be5 f6 22. Bh2 Rc3 23. f3 Ng5 24. h4 Nf7 25. Qb1 Qa6 26. Rd1 Nh6 27. Bg3 Nf5 28. Bf2 h6 29. g4 Nd6 30. Be1
1-0

[Event "Winter"]
[Site "SchemingMind.com"]
[Date "2016.03.06"]
[Round "-"]
[White "Transcendent"]
[Black "Scooter"]
[Result "0-1"]
[WhiteCountry "ENG"]
[BlackCountry "USA"]
[WhiteElo "1506"]
[WhiteRD "53"]
[BlackElo "1731"]
[BlackRD "47"]
[GameID "396486"]

1. d4 Nf6 2. c4 g6 3. g3 Bg7 4. Bg2 O-O 5. Nc3 d6 6. Nf3 c6 7. O-O Nbd7 8. e4 Re8 9. h3 e5 10. Be3 exd4
11. Nxd4 Ne5 12. b3 Qa5 13. Bd2 Qc5 14. Be3 Qb4 15. Qc2 Be6 16. Bd2 Qb6 17. Nxe6 Rxe6 18. Kh2 Rd8 19. f4 Ned7 20. Rad1 Qc7
21. Rfe1 Rde8 22. Bc1 Nc5 23. b4 Ncd7 24. a4 Nh5 25. Bb2 Bxc3 26. Bxc3 Nb6 27. Ba1 Ng7 28. a5 Nd7
0-1

[Event "Winter"]
[Site "SchemingMind.com"]
[Date "2016.03.06"]
[Round "-"]
[White "Transcendent"]
[Black "kenneth m day"]
[Result "0-1"]
[WhiteCountry "ENG"]
[BlackCountry "USA"]
[WhiteElo "1506"]
[WhiteRD "53"]
[BlackElo "1699"]
[BlackRD "51"]
[GameID "396487"]

1. d4 d5 2. c4 Nc6 3. Nc3 Nf6 4. cxd5 Nxd5 5. e4 Nf6 6. d5 Ne5 7. f4 Ned7 8. e5 Ng8 9. Be3 g6 10. Nf3 Bg7
11. Bc4 e6 12. O-O Ne7
0-1

[Event "Winter"]
[Site "SchemingMind.com"]
[Date "2016.03.06"]
[Round "-"]
[White "kenneth m day"]
[Black "Transcendent"]
[Result "1-0"]
[WhiteCountry "USA"]
[BlackCountry "ENG"]
[WhiteElo "1699"]
[WhiteRD "51"]
[BlackElo "1506"]
[BlackRD "53"]
[GameID "396488"]

1. e4 e5 2. f4 exf4 3. Nf3 Nf6 4. e5 Nh5 5. Be2 d6 6. d4 dxe5 7. O-O e4 8. Ne5 Nf6 9. Bxf4 Bd6 10. Nc3 Bf5
11. Bg5 Be7 12. Rxf5 O-O 13. Qd2 Nbd7 14. Qe3 h6 15. Bh4 Nxe5 16. dxe5 Nd5 17. Nxd5 Bxh4 18. Qxe4 c6 19. Ne3 Bg5 20. Bd3 g6
21. Rf3
1-0

[Event "Winter"]
[Site "SchemingMind.com"]
[Date "2016.03.07"]
[Round "-"]
[White "APB"]
[Black "Wojtek26"]
[Result "1-0"]
[WhiteCountry "ENG"]
[BlackCountry "POL"]
[WhiteElo "1691"]
[WhiteRD "72"]
[BlackElo "1547"]
[BlackRD "48"]
[GameID "396542"]

1. e4 e5 2. Nf3 Nc6 3. Bb5 d6 4. d4 exd4 5. Nxd4 Bd7 6. Nc3 Nf6 7. Bg5 Be7 8. O-O O-O 9. Re1 Nxd4 10. Qxd4 a6
11. Bxd7 Qxd7 12. e5 Ne8 13. Bxe7 Qxe7 14. Nd5 Qg5 15. exd6 Nxd6 16. Nxc7 Nf5 17. Qd3 Rad8 18. Qb3 Nh4 19. g3 Rd7 20. Qxb7 f6
21. Qb3+ Kh8 22. Ne6 Re8 23. Nxg5 Rxe1+ 24. Rxe1 Rd1 25. Qb8+
1-0

[Event "Winter"]
[Site "SchemingMind.com"]
[Date "2016.03.08"]
[Round "-"]
[White "Wojtek26"]
[Black "APB"]
[Result "0-1"]
[WhiteCountry "POL"]
[BlackCountry "ENG"]
[WhiteElo "1547"]
[WhiteRD "48"]
[BlackElo "1691"]
[BlackRD "72"]
[GameID "396543"]

1. d4 Nf6 2. c4 g6 3. e3 Bg7 4. Be2 d5 5. Nf3 O-O 6. O-O b6 7. a3 Bb7 8. b4 c5 9. Bb2 Nfd7 10. cxd5 cxd4
11. Bxd4 Bxd4 12. Qxd4 Qc7 13. Ng5 Qe5 14. Qxe5 Nxe5 15. e4 a5 16. b5 Nbd7 17. Rc1 Rfc8 18. Nd2 h6 19. Ngf3 Nxf3+ 20. Nxf3 Nf6
21. a4 Nxe4 22. Ne5 Bxd5 23. Bd3 Nc5 24. Be2 Nb3 25. Rxc8+ Rxc8 26. Rd1 Be6 27. Nc6 Rc7 28. h3 Nc5 29. Ra1 Bb3 30. Bd1 Bxd1
31. Rxd1 Nxa4 32. Rd8+ Kg7 33. Re8 Kf6 34. Rd8 Nc3 35. Nd4 e5 36. Nf3 Rc5 37. Rd6+ Kg7 38. Rxb6 Nxb5 39. Ra6 Nc3 40. Nd2 a4
41. Kf1 Rd5 42. Nc4 Rd1#
0-1

[Event "Winter"]
[Site "SchemingMind.com"]
[Date "2016.03.09"]
[Round "-"]
[White "fouche"]
[Black "Wojtek26"]
[Result "1-0"]
[WhiteCountry "COL"]
[BlackCountry "POL"]
[WhiteElo "1605"]
[WhiteRD "62"]
[BlackElo "1571"]
[BlackRD "49"]
[GameID "396544"]

1. d4 d5 2. Nf3 Nf6 3. e3 e6 4. Bd3 Bd6 5. O-O O-O 6. Nbd2 Nbd7 7. Re1 c5 8. c3 c4 9. Bc2 e5 10. dxe5 Bxe5
11. Nxe5 Nxe5 12. Nf3 Bg4 13. b3 Nxf3+ 14. gxf3 Bh3 15. Kh1 Qd6 16. Rg1 Rae8 17. Rg3 Qe6 18. Ba3 Nh5 19. Rg1 Qf6 20. f4 cxb3
21. axb3 Qxc3 22. Bxf8 Rxf8 23. Qd3 Qxd3 24. Bxd3 Rc8 25. Rac1 Rd8 26. Rc7 Rb8 27. f5 g6 28. fxg6 fxg6 29. Rgc1 Rf8 30. Kg1 Rb8
31. f4 Re8 32. Kf2 Rb8 33. Rc8+ Rxc8 34. Rxc8+ Kg7 35. Rc7+ Kg8 36. Rxb7 Nf6 37. Rxa7 Bd7 38. b4 Ne4+ 39. Bxe4
1-0

[Event "Winter"]
[Site "SchemingMind.com"]
[Date "2016.03.08"]
[Round "-"]
[White "Wojtek26"]
[Black "fouche"]
[Result "0-1"]
[WhiteCountry "POL"]
[BlackCountry "COL"]
[WhiteElo "1571"]
[WhiteRD "49"]
[BlackElo "1605"]
[BlackRD "62"]
[GameID "396545"]

1. d4 e6 2. c4 c5 3. e3 Nf6 4. Nf3 Be7 5. Bd3 O-O 6. O-O d5 7. Nc3 Nc6 8. cxd5 exd5 9. Ne5 cxd4 10. Nxc6 bxc6
11. exd4 h6 12. Bf4 Re8 13. a3 Bg4 14. f3 Bh5 15. Ne2 c5 16. Be5 c4 17. Bc2 Qb6 18. Rb1 a5 19. Ng3 Bg6 20. Bxg6 fxg6
21. Qc2 Kh7 22. h3 a4 23. f4 Bd6 24. Rfe1 Bxe5 25. fxe5 Nd7 26. Qf2 Rf8 27. Qe3 Rae8 28. Nf1 Qb3 29. Qxb3 axb3 30. Ne3 Nb6
31. Ra1 Rf4 32. Rad1 Kg8 33. Rf1 g5 34. g3 Rxf1+ 35. Rxf1 Rf8 36. Rxf8+ Kxf8 37. Kf2 g6 38. g4 Ke7 39. Nd1 Na4 40. Ke3 Ke6
41. Kf3 h5 42. Ke3 c3 43. gxh5 gxh5 44. bxc3 b2 45. Nxb2 Nxb2 46. Kd2 Nc4+ 47. Kd3 Nxa3 48. Ke3 Nc4+ 49. Kf3 Kf5 50. Kg3 Ne3
51. h4 g4 52. Kf2 Nd1+
0-1

[Event "Winter"]
[Site "SchemingMind.com"]
[Date "2016.03.12"]
[Round "-"]
[White "emvarela"]
[Black "Wojtek26"]
[Result "1-0"]
[WhiteCountry "ARG"]
[BlackCountry "POL"]
[WhiteElo "1680"]
[WhiteRD "49"]
[BlackElo "1571"]
[BlackRD "49"]
[GameID "396546"]

1. e4 e5 2. Nf3 Nc6 3. Bb5 d6 4. d4 exd4 5. Qxd4 Bd7 6. Bxc6 Bxc6 7. Nc3 Nf6 8. Bg5 Be7 9. O-O-O O-O 10. h4 h6
11. Nd5 hxg5 12. hxg5 Ng4 13. Nxe7+ Qxe7 14. Rh4 Ne5 15. Nxe5 dxe5 16. Qe3 f6 17. gxf6 Qxf6 18. Rdh1 Kf7 19. f4 Ke7 20. fxe5 Qxe5
21. Rh7 Rf7 22. R7h5 Rf1+ 23. Rxf1 Qxh5 24. Qa3+ Ke8 25. Qf8+ Kd7 26. Rf7+
1-0

[Event "Winter"]
[Site "SchemingMind.com"]
[Date "2016.03.12"]
[Round "-"]
[White "Wojtek26"]
[Black "emvarela"]
[Result "1-0"]
[WhiteCountry "POL"]
[BlackCountry "ARG"]
[WhiteElo "1603"]
[WhiteRD "51"]
[BlackElo "1652"]
[BlackRD "47"]
[GameID "396547"]

1. d4 Nf6 2. c4 g6 3. e3 Bg7 4. Nf3 d6 5. Bd3 O-O 6. O-O c5 7. d5 e6 8. dxe6 Bxe6 9. Nc3 Nc6 10. a3 a6
11. Re1 d5 12. cxd5 Nxd5 13. Nxd5 Bxd5 14. Qc2 Bxf3 15. gxf3 Ne5 16. Be4 Rb8 17. Rd1 Qc7 18. Rb1 b5 19. b3 Rfd8 20. Bb2 c4
21. bxc4 Rxd1+ 22. Rxd1 Qxc4 23. Qxc4 Nxc4 24. Bxg7 Kxg7 25. Ra1 f5 26. Bd5 Rc8 27. Rc1 a5 28. a4 Nd6 29. Rxc8 Nxc8 30. axb5 a4
31. Be6 a3 32. Kf1 Kf6 33. Bb3 Ke5 34. Ke2 f4 35. Kd3 g5 36. h3 Nb6 37. Kc3 Nd5+ 38. Bxd5 Kxd5 39. b6
1-0

[Event "Winter"]
[Site "SchemingMind.com"]
[Date "2016.03.08"]
[Round "-"]
[White "Phillip Beckett"]
[Black "Wojtek26"]
[Result "1-0"]
[WhiteCountry "ENG"]
[BlackCountry "POL"]
[WhiteElo "1577"]
[WhiteRD "47"]
[BlackElo "1578"]
[BlackRD "50"]
[GameID "396548"]

1. e4 e5 2. Nf3 Nc6 3. Bb5 d6 4. d4 exd4 5. Nxd4 Bd7 6. Nxc6 Bxc6 7. Qd5 Qd7 8. Bxc6 Qxc6 9. Qxc6+ bxc6 10. O-O Nf6
11. f3 Be7 12. Bg5 h6 13. Be3 O-O 14. Nc3 c5 15. Rad1 Rab8 16. b3 a6 17. Nd5 Nxd5 18. Rxd5 Rb5 19. c4 Rbb8 20. e5 Rbd8
21. exd6 Bxd6 22. Rfd1 Rfe8 23. Bf4 g5 24. Bxd6 cxd6 25. Rxd6 Rxd6 26. Rxd6 a5 27. Rxh6 Re1+ 28. Kf2 Ra1 29. Rc6 Rxa2+ 30. Kg3 Ra3
31. Rxc5 Rxb3 32. Rxa5 Rc3 33. Rxg5+ Kh7 34. Rc5
1-0

[Event "Winter"]
[Site "SchemingMind.com"]
[Date "2016.03.07"]
[Round "-"]
[White "Wojtek26"]
[Black "Phillip Beckett"]
[Result "0-1"]
[WhiteCountry "POL"]
[BlackCountry "ENG"]
[WhiteElo "1578"]
[WhiteRD "50"]
[BlackElo "1577"]
[BlackRD "47"]
[GameID "396549"]

1. d4 d5 2. c4 e6 3. e3 Nf6 4. Nf3 Be7 5. Be2 dxc4 6. Bxc4 Nbd7 7. O-O O-O 8. Nc3 c5 9. dxc5 Nxc5 10. Qxd8 Rxd8
11. b3 a6 12. Bb2 b5 13. Be2 Bb7 14. Ne5 Nfd7 15. Nxd7 Rxd7 16. Rad1 Rad8 17. Rxd7 Rxd7 18. b4 Ne4 19. Nxe4 Bxe4 20. Bc3 Kf8
21. Rd1 Rxd1+ 22. Bxd1 Bb1 23. a3 Bd3 24. Bf3 Bf6 25. Bxf6 gxf6 26. Bb7 Ke7 27. Bxa6 Kd6 28. Bb7 Kc7 29. Bf3 Kd6 30. Bh5 Bg6
31. Be2 Kc6 32. Kf1 Be4 33. g3 Bd5 34. Bd3 f5 35. Ke2 Bb3 36. Kd2 f6 37. Kc3 Bd5 38. Kd4 e5+ 39. Kc3 e4 40. Be2 h6
41. h4 Bf7 42. f3 Kd5 43. f4 Kc6 44. Kd4 Be6 45. Bf1 Bd5 46. Be2= Bb3 47. Bd3 exd3 48. Kxd3 Kd5 49. Kc3 Bc4 50. Kc2 Ke4
0-1

[Event "Winter"]
[Site "SchemingMind.com"]
[Date "2016.03.07"]
[Round "-"]
[White "Scooter"]
[Black "Wojtek26"]
[Result "1-0"]
[WhiteCountry "USA"]
[BlackCountry "POL"]
[WhiteElo "1712"]
[WhiteRD "48"]
[BlackElo "1578"]
[BlackRD "50"]
[GameID "396550"]

1. d4 d5 2. Nf3 e6 3. Bf4 Nf6 4. e3 Bd6 5. Bxd6 Qxd6 6. c3 O-O 7. Be2 Nbd7 8. O-O c5 9. Nbd2 c4 10. Qc2 a6
11. e4 dxe4 12. Nxe4 Nxe4 13. Qxe4 Nf6 14. Qe5 Qxe5 15. Nxe5 b5 16. Bf3 Rb8 17. Nc6 Rb6 18. Rfe1 Bb7 19. Ne7+ Kh8 20. Bxb7 Rxb7
21. Nc6 Rc7 22. Nb4 a5 23. Na6 Rc6 24. Nc5 Re8 25. f3 h6 26. Re5 Kg8 27. Nb7 a4 28. Rxb5 Rb8 29. Rc5 Rxc5 30. Nxc5 Rxb2
31. Nxa4 Rc2 32. a3 Nd5 33. Nc5 Nxc3 34. a4 Ra2 35. Rxa2 Nxa2 36. a5 Nb4 37. a6 Nc6 38. Kf2 Kf8 39. Ke3 Ke7 40. Kd2 Kd8
41. Kc3 Kc7 42. Kxc4 Kb6 43. f4 g6 44. g4 h5 45. g5 Na5+ 46. Kd3 Nc6 47. Ke4 Kc7 48. d5 exd5+ 49. Kxd5 Ne7+ 50. Ke5 Kb6
51. Kf6 Nc8 52. Nd7+ Kxa6 53. Kxf7
1-0

[Event "Winter"]
[Site "SchemingMind.com"]
[Date "2016.03.07"]
[Round "-"]
[White "Wojtek26"]
[Black "Scooter"]
[Result "1/2-1/2"]
[WhiteCountry "POL"]
[BlackCountry "USA"]
[WhiteElo "1578"]
[WhiteRD "50"]
[BlackElo "1712"]
[BlackRD "48"]
[GameID "396551"]

1. d4 Nf6 2. c4 g6 3. Nf3 Bg7 4. e3 O-O 5. Be2 d6 6. O-O Bg4 7. h3 Bxf3 8. Bxf3 c6 9. Nd2 Nbd7 10. a3 e5
11. d5 c5 12. b4 b6 13. b5 Re8 14. Bb2 a6 15. a4 axb5 16. axb5 Qc7 17. Qc2 Qb7 18. Ne4 Nxe4 19. Bxe4 Rxa1 20. Rxa1 Ra8
21. Rxa8+ Qxa8 22. Kf1 Nf6 23. Bd3 Qa2 24. Bc3 Qxc2 25. Bxc2 h5 26. e4 Bh6 27. Ke2 g5 28. f3 h4 29. Be1 Nh5 30. Bd3 Nf4+
31. Kd2 Nxg2 32. Kd1 Nxe1 33. Kxe1 Kg7 34. Kf2 Kg6 35. Kg2 Kh5 36. Be2 g4 37. fxg4+ Kg5 38. Kf3 f6 39. Bd3=
1/2-1/2

[Event "Winter"]
[Site "SchemingMind.com"]
[Date "2016.03.08"]
[Round "-"]
[White "Transcendent"]
[Black "Wojtek26"]
[Result "0-1"]
[WhiteCountry "ENG"]
[BlackCountry "POL"]
[WhiteElo "1506"]
[WhiteRD "53"]
[BlackElo "1571"]
[BlackRD "49"]
[GameID "396552"]

1. d4 d5 2. c4 dxc4 3. e3 e6 4. Bxc4 Nf6 5. Nf3 Bb4+ 6. Bd2 O-O 7. Bxb4 Nc6 8. Bxf8 Qxf8 9. O-O a6 10. Nc3 b5
11. Bb3 Bb7 12. Rc1 Rd8 13. Re1 b4 14. Na4 Ne4 15. Nc5 Bc8 16. Qc2 Nf6 17. Red1 Nd7 18. Nxe6 fxe6 19. Qxc6 Nf6 20. Bxe6+ Bxe6
0-1

[Event "Winter"]
[Site "SchemingMind.com"]
[Date "2016.03.08"]
[Round "-"]
[White "Wojtek26"]
[Black "Transcendent"]
[Result "1-0"]
[WhiteCountry "POL"]
[BlackCountry "ENG"]
[WhiteElo "1571"]
[WhiteRD "49"]
[BlackElo "1506"]
[BlackRD "53"]
[GameID "396553"]

1. d4 d5 2. c4 c6 3. e3 Nf6 4. Nf3 Bf5 5. Bd3 Bxd3 6. Qxd3 dxc4 7. Qxc4 e6 8. O-O Be7 9. Nc3 Nbd7 10. a3 O-O
11. b4 Rc8 12. Qb3 Nb6 13. Ne5 Nbd5 14. Nxd5 cxd5 15. Bb2 Ne4 16. Rad1 f6 17. Nf3 Qd7 18. Rc1 g5 19. Rc3 Rxc3 20. Bxc3 Nxc3
21. Qxc3 Rc8 22. Qd2
1-0

[Event "Winter"]
[Site "SchemingMind.com"]
[Date "2016.03.08"]
[Round "-"]
[White "kenneth m day"]
[Black "Wojtek26"]
[Result "1/2-1/2"]
[WhiteCountry "USA"]
[BlackCountry "POL"]
[WhiteElo "1716"]
[WhiteRD "52"]
[BlackElo "1603"]
[BlackRD "51"]
[GameID "396554"]

1. e4 e5 2. f4 exf4 3. Nf3 d6 4. d4 Nf6 5. Nc3 Nc6 6. Bxf4 Be7 7. Be2 O-O 8. Qd2 Bg4 9. O-O-O d5 10. exd5 Nxd5
11. h3 Nxf4 12. Qxf4 Bxf3 13. Bxf3 Bg5 14. Qxg5 Qxg5+ 15. Kb1 Rfe8 16. Nd5 Rac8 17. h4 Qf5 18. Rhf1 Qg6 19. h5 Qg5 20. a3 Red8
21. g4 Rxd5 22. Bxd5 Qxg4 23. Bxf7+ Kh8 24. Rfe1 Na5 25. Be6 Qxd1+ 26. Rxd1 Re8 27. Bd5 g6 28. hxg6 hxg6 29. Bf7 Rf8 30. Bxg6 Rf2
31. Bd3 Rf4 32. d5 Nc4 33. Re1 Nd6 34. Rh1+ Kg8 35. Rh7 Rf7 36. Rxf7 Nxf7 37. c4 Ne5 38. Be2 Kf7 39. b3 Ke7 40. Kc2 Kd6
41. Kc3 a5 42. Kd4 Nd7 43. b4 axb4 44. axb4 b6 45. Bf3 Nf6 46. c5+ bxc5+ 47. bxc5+ Ke7 48. Kc4 Kd8 49. Bg2 Ne8 50. Bh3 Nf6
51. Bf5 Ne8= 52. Be6 Ke7 53. Kb5 Kd8 54. Kc6 Nf6 55. Kb7 Ne8 56. Kb8 Ng7 57. c6 Ne8 58. Bf7 Nd6 59. Be6 Ne8 60. Bd7=
1/2-1/2

[Event "Winter"]
[Site "SchemingMind.com"]
[Date "2016.03.08"]
[Round "-"]
[White "Wojtek26"]
[Black "kenneth m day"]
[Result "1/2-1/2"]
[WhiteCountry "POL"]
[BlackCountry "USA"]
[WhiteElo "1603"]
[WhiteRD "51"]
[BlackElo "1716"]
[BlackRD "52"]
[GameID "396555"]

1. d4 d5 2. c4 Nc6 3. Nf3 Bg4 4. e3 dxc4 5. Bxc4 Nf6 6. O-O e6 7. h3 Bh5 8. a3 Bd6 9. Be2 Bg6 10. Nc3 O-O
11. Bd3 Rc8 12. Bxg6 fxg6 13. b4 a6 14. e4 Nh5 15. e5 Be7 16. Ne4 Rxf3 17. Qxf3 Qxd4 18. Be3 Qxe5 19. Rfd1 Rf8 20. Qg4 Nf6
21. Nxf6+ Bxf6 22. Rac1 Ne7 23. Bf4 Qf5 24. Qxf5 gxf5 25. Rxc7 Nd5 26. Rxd5 exd5 27. Rxb7 g5 28. Bd2 Bb2 29. a4 f4 30. b5 axb5
31. axb5 Be5 32. Rd7 d4 33. Re7 Bd6 34. Rb7 Rb8 35. Rxb8+ Bxb8 36. f3 Kf7 37. Kf2 Ke6 38. Ke2 Kd5 39. Kd3 Kc5 40. b6 Kxb6
41. Be1 Kc5 42. Ba5 Ba7 43. Bd8 h6 44. Bf6 Kd5 45. Bg7 h5 46. Bf6 g4 47. hxg4 hxg4 48. fxg4 Bc5 49. g5 Ke6 50. Bxd4 Bxd4
51. Kxd4 Kf5 52. g3 fxg3 53. Ke3 Kxg5 54. Kf3 Kh4 55. Kg2 Kg4 56. Kg1 Kf3 57. Kf1=
1/2-1/2

[Event "Winter"]
[Site "SchemingMind.com"]
[Date "2016.03.28"]
[Round "-"]
[White "APB"]
[Black "echecs"]
[Result "0-1"]
[WhiteCountry "ENG"]
[BlackCountry "ENG"]
[WhiteElo "1715"]
[WhiteRD "72"]
[BlackElo "1826"]
[BlackRD "64"]
[GameID "397243"]

1. e4 e5 2. Nf3 Nc6 3. Bb5 Nf6 4. O-O d6 5. Bxc6+ bxc6 6. d4 Nxe4 7. dxe5 d5 8. Nbd2 Nc5 9. b4 Ne6 10. a3 Be7
11. c4 O-O 12. Qc2 Bb7 13. Rd1 Qc8 14. c5 Ba6 15. Re1 Ng5 16. Nxg5 Bxg5 17. Nf3 Bxc1 18. Raxc1 Qg4 19. h3 Qh5 20. Nd4 Bb7
21. Qa4 Rfe8 22. Nxc6 Re6 23. Na5 Bc8 24. f4 h6 25. Rcd1 Rg6 26. Re3 Bxh3
0-1

[Event "Winter"]
[Site "SchemingMind.com"]
[Date "2016.03.28"]
[Round "-"]
[White "echecs"]
[Black "APB"]
[Result "1-0"]
[WhiteCountry "ENG"]
[BlackCountry "ENG"]
[WhiteElo "1838"]
[WhiteRD "65"]
[BlackElo "1731"]
[BlackRD "70"]
[GameID "397244"]

1. e4 c5 2. c3 e6 3. d4 d5 4. exd5 exd5 5. Nf3 Bd6 6. Be3 c4 7. Be2 Nf6 8. Nbd2 O-O 9. O-O Nbd7 10. b3 b5
11. a4 Ne4 12. Nxe4 dxe4 13. Nd2 f5 14. f4 cxb3 15. Qxb3+ Kh8 16. axb5 Nb6 17. c4 Be7 18. Ra2 Be6 19. d5 Bc8 20. Nb1 Qc7
21. Rc1 Bc5 22. Rd2 Bxe3+ 23. Qxe3 a6 24. c5 axb5 25. Bxb5 Ba6 26. Bc6 Nc4 27. Rxc4 Bxc4 28. Bxa8 Rxa8 29. d6 Qb7 30. Na3 Bd5
31. h3 Qc6 32. Rd1 Ra5 33. Rc1 Qa8 34. Nc4 Bxc4 35. Rxc4 Ra1+ 36. Kh2 Qa7 37. Rc3 Ra6= 38. c6 Qxe3 39. Rxe3 Rxc6 40. Rb3 g5
41. d7 Rd6 42. Rb8+ Kg7 43. d8=Q Rxd8 44. Rxd8 gxf4 45. Rd6 h5 46. Kg1 f3 47. gxf3 exf3 48. Kf2
1-0

[Event "Winter"]
[Site "SchemingMind.com"]
[Date "2016.03.28"]
[Round "-"]
[White "fouche"]
[Black "echecs"]
[Result "0-1"]
[WhiteCountry "COL"]
[BlackCountry "ENG"]
[WhiteElo "1605"]
[WhiteRD "62"]
[BlackElo "1826"]
[BlackRD "64"]
[GameID "397245"]

1. d4 d6 2. Nf3 e6 3. e3 a6 4. Bd3 c6 5. O-O Nf6 6. Nbd2 Be7 7. e4 O-O 8. Re1 Nbd7 9. c4 b5 10. e5 dxe5
11. dxe5 Ne8 12. b3 Nc7 13. Bb2 Nc5 14. Bc2 Nd3 15. Bxd3 Qxd3 16. Ne4 bxc4 17. bxc4 Qxc4 18. Nd6 Qb4 19. Rb1 Nd5 20. Nd4 Bd7
21. a3 Qb8 22. Nc4 Bc5 23. h3 Qa7 24. Ne3 Rab8 25. Nxd5 cxd5 26. Kh2 h6 27. f4 Rb7 28. a4 Rfb8 29. Re2 Bxd4 30. Qxd4 Qxd4
0-1